[Event "IM Not A GM Speed Chess"]
[Site "chess.com INT"]
[Date "2020.04.18"]
[Round "1.25"]
[White "Bartholomew, John"]
[Black "Pruess, David"]
[Result "0-1"]
[WhiteTitle "IM"]
[BlackTitle "IM"]
[WhiteElo "2446"]
[BlackElo "2336"]
[WhiteFideId "2019353"]
[BlackFideId "2014254"]
[EventDate "2020.04.18"]

1. e4 c6 2. d4 d5 3. e5 Bf5 4. h4 h5 5. c4 e6 6. Nc3 Ne7 7. Nf3 Nd7 8. Bg5 Qb6
9. Na4 Qa5+ 10. Nc3 c5 11. Bxe7 Bxe7 12. cxd5 exd5 13. Bd3 Bg4 14. O-O cxd4 15.
Nb5 Nxe5 16. Re1 f6 17. Nbxd4 O-O 18. Bf5 Nxf3+ 19. gxf3 Bxf5 20. Nxf5 Bb4 21.
Re6 Rfe8 22. Qe2 Qd8 23. Rd1 Qd7 24. Rxe8+ Rxe8 25. Rxd5 Rxe2 26. Rxd7 b6 27.
Rxg7+ Kf8 28. Rxa7 Bc5 29. Ng7 Bxf2+ 30. Kf1 Rxb2 31. Nxh5 Bc5 32. Nxf6 Rf2+ 33.
Ke1 Rxf3 34. Ne4 Re3+ 35. Kd2 Rxe4 36. h5 Rh4 37. Kd3 Rxh5 38. Kc4 b5+ 0-1

[Event "IM Not A GM Speed Chess"]
[Site "chess.com INT"]
[Date "2020.04.18"]
[Round "1.26"]
[White "Pruess, David"]
[Black "Bartholomew, John"]
[Result "0-1"]
[WhiteTitle "IM"]
[BlackTitle "IM"]
[WhiteElo "2336"]
[BlackElo "2446"]
[WhiteFideId "2014254"]
[BlackFideId "2019353"]
[EventDate "2020.04.18"]

1. e4 c5 2. Nf3 d6 3. d4 cxd4 4. Nxd4 Nf6 5. Nc3 Nc6 6. Bg5 e6 7. Qd2 a6 8.
O-O-O Bd7 9. f3 h6 10. Be3 b5 11. Nxc6 Bxc6 12. Ne2 Nd7 13. Nd4 Bb7 14. Kb1 Qc7
15. Rc1 Ne5 16. Nb3 Nc4 17. Bxc4 bxc4 18. Na5 Be7 19. Rcd1 O-O 20. Bd4 Bg5 21.
Qe1 Rab8 22. h4 Bf6 23. Bxf6 gxf6 24. g4 c3 25. g5 Qxa5 26. gxf6 Kh7 27. Rg1 Rg8
28. Rg7+ Rxg7 29. fxg7 Qb4 30. b3 Rc8 31. Qe3 Qa3 32. g8=Q+ Kxg8 33. Rg1+ Kh7
34. Qc1 Qxc1+ 35. Kxc1 Rg8 0-1

[Event "IM Not A GM Speed Chess"]
[Site "chess.com INT"]
[Date "2020.04.18"]
[Round "1.1"]
[White "Tania, Sachdev"]
[Black "Rozman, Levy"]
[Result "0-1"]
[WhiteTitle "IM"]
[BlackTitle "IM"]
[WhiteElo "2392"]
[BlackElo "2343"]
[WhiteFideId "5007844"]
[BlackFideId "2039877"]
[EventDate "2020.04.18"]

1. d4 d5 2. c4 dxc4 3. Nf3 a6 4. e3 Bg4 5. Bxc4 e6 6. O-O Nc6 7. Be2 Nf6 8. Nc3
Bd6 9. h3 Bh5 10. b3 O-O 11. Bb2 Qe8 12. Rc1 Rd8 13. Nd2 Bxe2 14. Qxe2 e5 15. d5
Ne7 16. e4 Ng6 17. Nc4 Bc5 18. Ba3 Bxa3 19. Nxa3 c6 20. dxc6 Qxc6 21. Nd5 Qe6
22. Nxf6+ Qxf6 23. g3 Qg5 24. Rcd1 h5 25. Kh2 h4 26. Qg4 hxg3+ 27. Qxg3 Qh5 28.
Qg4 Qh6 29. Nc4 b5 30. Ne3 Qf4+ 31. Qxf4 Nxf4 32. Nf5 g6 33. Ne7+ Kg7 34. Nc6
Rde8 35. Rd6 Rh8 36. f3 Rxh3+ 37. Kg1 Reh8 38. Kf2 Rh2+ 39. Ke1 Re2+ 40. Kd1
Rxa2 41. Rd2 Ra1+ 42. Kc2 Rxf1 43. Nxe5 Rc8+ 44. Kb2 b4 45. Rd7 Rf2+ 46. Kb1
Rcc2 47. Rxf7+ Kg8 48. Rxf4 Rb2+ 49. Ka1 Ra2+ 50. Kb1 Rad2 51. Kc1 Ra2 52. Kb1
Rae2 53. Nd3 Rf1+ 54. Nc1 Ree1 0-1

[Event "IM Not A GM Speed Chess"]
[Site "chess.com INT"]
[Date "2020.04.19"]
[Round "1.2"]
[White "Rozman, Levy"]
[Black "Tania, Sachdev"]
[Result "0-1"]
[WhiteTitle "IM"]
[BlackTitle "IM"]
[WhiteElo "2343"]
[BlackElo "2392"]
[WhiteFideId "2039877"]
[BlackFideId "5007844"]
[EventDate "2020.04.18"]

1. d4 Nf6 2. c4 e6 3. Nc3 Bb4 4. g3 O-O 5. Bg2 c5 6. Nf3 cxd4 7. Nxd4 d5 8. O-O
dxc4 9. Qa4 Bxc3 10. bxc3 e5 11. Nc2 Qc7 12. Bg5 Nfd7 13. Ne3 Nb6 14. Nd5 Nxd5
15. Bxd5 Be6 16. Bxe6 fxe6 17. Rfd1 Qc6 18. Qa5 Nd7 19. Be7 Rf7 20. Rd6 Qc5 21.
Qxc5 Nxc5 22. Rd8+ Rxd8 23. Bxd8 Ne4 24. Ba5 b6 25. Bb4 a5 26. f3 axb4 27. fxe4
bxc3 28. Rc1 Ra7 29. Rxc3 b5 30. a3 Kf7 31. Kf2 Ke7 32. Ke3 Kd6 33. Kd2 Kc5 34.
Kc2 Rf7 35. Kb2 Rf2 36. Rc2 Rxh2 0-1

[Event "IM Not A GM Speed Chess"]
[Site "chess.com INT"]
[Date "2020.04.20"]
[Round "1.3"]
[White "Tania, Sachdev"]
[Black "Rozman, Levy"]
[Result "0-1"]
[WhiteTitle "IM"]
[BlackTitle "IM"]
[WhiteElo "2392"]
[BlackElo "2343"]
[WhiteFideId "5007844"]
[BlackFideId "2039877"]
[EventDate "2020.04.18"]

1. d4 f5 2. g3 Nf6 3. Bg2 g6 4. Nf3 Bg7 5. O-O O-O 6. b3 a5 7. a4 d6 8. Bb2 e6
9. c4 Na6 10. Na3 Qe7 11. Nc2 Ne4 12. Nd2 Nxd2 13. Qxd2 Nc5 14. dxc5 Bxb2 15.
cxd6 cxd6 16. Rad1 Rd8 17. Nd4 Ba3 18. e3 Bb4 19. Qe2 Rb8 20. Nb5 Bd7 21. Nd4
Rf8 22. h4 Kh8 23. Nc2 Bc5 24. Qd3 e5 25. Qd2 b6 26. Ne1 f4 27. exf4 exf4 28.
Qb2+ Rf6 29. Kh1 Qg7 30. Nd3 f3 31. Bxf3 Rxf3 32. Qxg7+ Kxg7 0-1

[Event "IM Not A GM Speed Chess"]
[Site "chess.com INT"]
[Date "2020.04.22"]
[Round "1.4"]
[White "Rozman, Levy"]
[Black "Tania, Sachdev"]
[Result "1-0"]
[WhiteTitle "IM"]
[BlackTitle "IM"]
[WhiteElo "2343"]
[BlackElo "2392"]
[WhiteFideId "2039877"]
[BlackFideId "5007844"]
[EventDate "2020.04.18"]

1. d4 Nf6 2. Bg5 d5 3. e3 Nbd7 4. Nd2 g6 5. Bd3 Bg7 6. Bxf6 Nxf6 7. f4 c5 8. c3
O-O 9. Ngf3 b6 10. O-O Bb7 11. Ne5 Nd7 12. h4 Nxe5 13. fxe5 f6 14. Qg4 fxe5 15.
dxe5 Qc8 16. Qg3 Qe6 17. Nf3 Kh8 18. h5 Bh6 19. Ng5 Bxg5 20. Qxg5 gxh5 21. Qxh5
d4 22. Qxh7# 1-0

[Event "IM Not A GM Speed Chess"]
[Site "chess.com INT"]
[Date "2020.04.23"]
[Round "1.5"]
[White "Tania, Sachdev"]
[Black "Rozman, Levy"]
[Result "0-1"]
[WhiteTitle "IM"]
[BlackTitle "IM"]
[WhiteElo "2392"]
[BlackElo "2343"]
[WhiteFideId "5007844"]
[BlackFideId "2039877"]
[EventDate "2020.04.18"]

1. d4 f5 2. g3 Nf6 3. Bg2 g6 4. Nf3 Bg7 5. O-O O-O 6. c4 d6 7. Nc3 e6 8. Rb1 a5
9. a3 Nc6 10. b4 axb4 11. axb4 Ne4 12. Bd2 Ra3 13. Qc1 Nxd2 14. Nxd2 Ra8 15. e3
e5 16. d5 Ne7 17. c5 e4 18. cxd6 cxd6 19. Rd1 Bd7 20. Ne2 Ba4 21. Re1 Rc8 22.
Qa3 b5 23. Nf4 Rc3 24. Qa2 Rc2 25. Qa3 Rxd2 26. Ne6 Qe8 27. Nxg7 Rd3 28. Qxd3
exd3 29. Nxe8 Rxe8 30. Bf3 Rc8 31. Bd1 d2 32. Rf1 Nxd5 33. Bxa4 bxa4 34. Rbd1
Rc2 35. f4 Nxe3 36. Kf2 Nxd1+ 37. Rxd1 a3 38. Ke2 a2 39. Ra1 Rc1 0-1

[Event "IM Not A GM Speed Chess"]
[Site "chess.com INT"]
[Date "2020.04.24"]
[Round "1.6"]
[White "Rozman, Levy"]
[Black "Tania, Sachdev"]
[Result "1-0"]
[WhiteTitle "IM"]
[BlackTitle "IM"]
[WhiteElo "2343"]
[BlackElo "2392"]
[WhiteFideId "2039877"]
[BlackFideId "5007844"]
[EventDate "2020.04.18"]

1. c4 e5 2. Nc3 Nf6 3. Nf3 Nc6 4. e3 Bb4 5. Qb3 Bxc3 6. Qxc3 d6 7. a3 O-O 8. b4
a5 9. b5 Ne7 10. Be2 Bf5 11. d3 h6 12. a4 Bh7 13. O-O Qd7 14. c5 Ned5 15. Qb3
Qe6 16. Qa3 Nb4 17. cxd6 Nc2 18. Qc3 Nxa1 19. dxc7 Nb3 20. Ba3 Rfc8 21. Bd1 Nd5
22. Qxb3 Rxc7 23. d4 Bd3 24. Qxd3 Rc3 25. Qb1 Rxa3 26. Nxe5 f6 27. Qb2 Rc3 28.
Bg4 Qe7 29. Bf3 Qd6 30. Bxd5+ Qxd5 31. Qxc3 fxe5 32. dxe5 Rd8 33. Qxa5 Qxe5 34.
Qxd8+ Kh7 35. Qd3+ Kg8 36. Qd4 Qe6 37. Qf4 1-0

[Event "IM Not A GM Speed Chess"]
[Site "chess.com INT"]
[Date "2020.04.25"]
[Round "1.7"]
[White "Tania, Sachdev"]
[Black "Rozman, Levy"]
[Result "1-0"]
[WhiteTitle "IM"]
[BlackTitle "IM"]
[WhiteElo "2392"]
[BlackElo "2343"]
[WhiteFideId "5007844"]
[BlackFideId "2039877"]
[EventDate "2020.04.18"]

1. d3 d5 2. Nf3 g6 3. g3 Bg7 4. Bg2 e5 5. Nbd2 Ne7 6. c4 c6 7. O-O O-O 8. Rb1 a5
9. b3 Na6 10. Bb2 d4 11. a3 c5 12. Qc2 f5 13. e3 Nc6 14. exd4 cxd4 15. c5 Qe7
16. Rbc1 Be6 17. Rfe1 Rac8 18. h4 h6 19. Nc4 Qxc5 20. Qd2 Bxc4 21. Rxc4 Qd6 22.
Rec1 b6 23. h5 Nc5 24. Qd1 g5 25. b4 axb4 26. axb4 Ne6 27. Nxg5 Nxg5 28. Rxc6
Rxc6 29. Rxc6 Qxb4 30. Qc1 e4 31. Rc4 Qe7 32. Bxd4 Bxd4 33. Rxd4 f4 34. dxe4 f3
35. Bf1 Qg7 36. Qc4+ Kh8 37. Qd3 Ne6 38. Rd6 Nc5 39. Qd2 1-0

[Event "IM Not A GM Speed Chess"]
[Site "chess.com INT"]
[Date "2020.04.26"]
[Round "1.8"]
[White "Rozman, Levy"]
[Black "Tania, Sachdev"]
[Result "1-0"]
[WhiteTitle "IM"]
[BlackTitle "IM"]
[WhiteElo "2343"]
[BlackElo "2392"]
[WhiteFideId "2039877"]
[BlackFideId "5007844"]
[EventDate "2020.04.18"]

1. d4 e6 2. Bf4 d5 3. Nf3 Bd6 4. e3 c5 5. Bb5+ Nc6 6. Bg3 Ne7 7. Be2 O-O 8. c3
b6 9. O-O Bb7 10. Nbd2 Qc7 11. e4 Bxg3 12. hxg3 dxe4 13. Nxe4 Nxd4 14. Nxd4 cxd4
15. Qxd4 Rfd8 16. Qa4 a6 17. Bf3 b5 18. Qb4 Bxe4 19. Bxe4 Rab8 20. Rad1 a5 21.
Rxd8+ Qxd8 22. Qc5 b4 23. Bf3 bxc3 24. Qxc3 Qb6 25. b3 Nf5 26. Rd1 h6 27. g4 Ne7
28. Rc1 Ng6 29. Qc5 Qb4 30. g3 Qd2 31. Qc2 Qd4 32. Qc3 Ne5 33. Kg2 Nxf3 34. Qxf3
Qb2 35. Qc3 Qe2 36. Qxa5 Qxg4 37. Kg1 Re8 38. Qc7 Rf8 39. Qc4 Qf3 40. Qc3 Qe2
41. a4 Rd8 42. Qe3 Qb2 43. Re1 Rd2 44. a5 Qa2 45. a6 Rb2 46. a7 Rb1 47. a8=Q+
Qxa8 48. Rxb1 Qa2 49. Rc1 1-0

[Event "IM Not A GM Speed Chess"]
[Site "chess.com INT"]
[Date "2020.04.19"]
[Round "1.9"]
[White "Tania, Sachdev"]
[Black "Rozman, Levy"]
[Result "0-1"]
[WhiteTitle "IM"]
[BlackTitle "IM"]
[WhiteElo "2392"]
[BlackElo "2343"]
[WhiteFideId "5007844"]
[BlackFideId "2039877"]
[EventDate "2020.04.18"]

1. d4 d5 2. c4 dxc4 3. e3 e5 4. Bxc4 Nc6 5. d5 Nce7 6. Nc3 a6 7. Nge2 Ng6 8. O-O
Nf6 9. Ng3 Bd6 10. e4 O-O 11. h3 Kh8 12. Bg5 h6 13. Be3 Bd7 14. Qd2 Nf4 15. Bxf4
exf4 16. Nf5 Be5 17. Nd4 Qe7 18. Be2 g5 19. Rfe1 Rg8 20. Nf3 Rae8 21. Nxe5 Qxe5
22. Bf1 g4 23. hxg4 Bxg4 24. Ne2 Bxe2 25. Bxe2 Nxe4 26. Qd3 f5 27. Bf3 Rg7 28.
Rad1 Kh7 29. Bxe4 fxe4 30. Qh3 Reg8 31. Kf1 Rg5 32. f3 e3 33. Re2 Rh5 0-1

[Event "IM Not A GM Speed Chess"]
[Site "chess.com INT"]
[Date "2020.04.18"]
[Round "1.10"]
[White "Rozman, Levy"]
[Black "Tania, Sachdev"]
[Result "1/2-1/2"]
[WhiteTitle "IM"]
[BlackTitle "IM"]
[WhiteElo "2343"]
[BlackElo "2392"]
[WhiteFideId "2039877"]
[BlackFideId "5007844"]
[EventDate "2020.04.18"]

1. e4 e6 2. b3 d5 3. Bb2 c5 4. exd5 exd5 5. Bb5+ Bd7 6. Qe2+ Qe7 7. Bxd7+ Nxd7
8. Nc3 Ngf6 9. O-O-O Qxe2 10. Ngxe2 O-O-O 11. d4 b6 12. dxc5 Bxc5 13. f3 Ne5 14.
Na4 Be3+ 15. Kb1 Nc6 16. Ng3 d4 17. Nf5 Rd5 18. g4 b5 19. Nxe3 dxe3 20. Nc3
Rxd1+ 21. Nxd1 e2 22. Nc3 Nd4 23. Re1 Re8 24. g5 Nh5 25. Bc1 Nxf3 26. Rxe2 Rxe2
27. Nxe2 Nxh2 28. Nd4 a6 29. Kb2 Ng4 30. Kc3 Kd7 31. Kb4 Ng3 32. Ka5 Kd6 33. c4
bxc4 34. bxc4 Kc5 35. Nc2 Kxc4 36. Kxa6 Ne2 37. Be3 Nxe3 38. Nxe3+ Kd3 39. Nf5
h6 40. Nd6 hxg5 41. Nxf7 g4 42. Ne5+ Kc3 43. Nxg4 Kb2 44. a4 Ka3 45. a5 Nd4 46.
Kb6 Nf5 47. a6 Nd6 48. Ne5 Nc8+ 49. Kc7 Na7 50. Kb8 Nb5 51. Kb7 Ka4 52. Kb6 Kb4
53. Nf7 g5 54. Kb7 g4 55. Ne5 g3 56. Nf3 g2 57. Ng1 Ka5 58. a7 Nxa7 59. Kxa7 Kb4
60. Kb6 Kc3 61. Kc5 Kd3 62. Kd5 Ke3 63. Ke5 Kf2 64. Nh3+ Kg3 65. Ng1 Kh2 66. Ne2
Kh3 67. Kf4 Kh2 68. Kf3 g1=Q 69. Nxg1 1/2-1/2

[Event "IM Not A GM Speed Chess"]
[Site "chess.com INT"]
[Date "2020.04.19"]
[Round "1.11"]
[White "Tania, Sachdev"]
[Black "Rozman, Levy"]
[Result "0-1"]
[WhiteTitle "IM"]
[BlackTitle "IM"]
[WhiteElo "2392"]
[BlackElo "2343"]
[WhiteFideId "5007844"]
[BlackFideId "2039877"]
[EventDate "2020.04.18"]

1. d4 d5 2. Nf3 Nf6 3. c4 dxc4 4. e3 Bg4 5. h3 Bh5 6. Bxc4 e6 7. O-O Nc6 8. Nc3
Bd6 9. Be2 a6 10. Nd2 Bxe2 11. Qxe2 O-O 12. Nc4 e5 13. Nxd6 Qxd6 14. dxe5 Qxe5
15. Rd1 Rfe8 16. Bd2 Re6 17. Be1 Rae8 18. Qc4 Qf5 19. Nd5 Nxd5 20. Rxd5 Ne5 21.
Qd4 Rg6 22. Kf1 c6 23. Rd8 Re6 24. Bc3 h6 25. Rd1 Kh7 26. Rxe8 Rxe8 27. Qb4 Nd3
28. Rxd3 Qxd3+ 29. Kg1 Qd7 30. Qf4 f6 31. Qc4 Qe6 32. Qd3+ Kg8 33. Qg6 Qf7 34.
Qg4 Qxa2 35. Bxf6 Qf7 36. Bc3 Re6 37. g3 Rg6 38. Qc8+ Kh7 39. h4 h5 40. Qb8 b5
41. Qa8 Rd6 42. Qxa6 Qf3 0-1

[Event "IM Not A GM Speed Chess"]
[Site "chess.com INT"]
[Date "2020.04.19"]
[Round "1.12"]
[White "Rozman, Levy"]
[Black "Tania, Sachdev"]
[Result "0-1"]
[WhiteTitle "IM"]
[BlackTitle "IM"]
[WhiteElo "2343"]
[BlackElo "2392"]
[WhiteFideId "2039877"]
[BlackFideId "5007844"]
[EventDate "2020.04.18"]

1. d4 e6 2. c4 Nf6 3. Nf3 b6 4. g3 Bb7 5. Bg2 Be7 6. O-O O-O 7. d5 exd5 8. Nh4
c6 9. cxd5 Nxd5 10. Nf5 Bf6 11. e4 Nc7 12. Nc3 d5 13. Qg4 Bc8 14. exd5 Nxd5 15.
Rd1 Be6 16. Qf3 Nd7 17. Nd4 Ne5 18. Qe2 Nxc3 19. bxc3 Bc4 20. Qc2 Qc7 21. Bf4
Bd5 22. Re1 Bxg2 23. Kxg2 Rfe8 24. Qe4 Qd7 25. Rad1 Ng6 26. Qf3 Nxf4+ 27. Qxf4
Qd5+ 28. Nf3 Qxa2 29. Rxe8+ Rxe8 30. Qc7 Qe6 31. Re1 Qc8 32. Qxa7 Rxe1 33. Nxe1
Bxc3 34. Nf3 b5 35. Ng5 Qf8 36. Ne4 Be5 37. Qd7 c5 38. Qxb5 Bd4 39. Qc6 h6 40.
h4 Qe7 41. Qc8+ Kh7 42. Qc6 Qe6 43. Qb7 c4 44. f3 c3 45. Qc7 Qa2+ 46. Kh3 c2 47.
Qc6 Qe6+ 0-1

[Event "IM Not A GM Speed Chess"]
[Site "chess.com INT"]
[Date "2020.04.19"]
[Round "1.13"]
[White "Tania, Sachdev"]
[Black "Rozman, Levy"]
[Result "1-0"]
[WhiteTitle "IM"]
[BlackTitle "IM"]
[WhiteElo "2392"]
[BlackElo "2343"]
[WhiteFideId "5007844"]
[BlackFideId "2039877"]
[EventDate "2020.04.18"]

1. d4 f5 2. g3 Nf6 3. Bg2 g6 4. Nf3 Bg7 5. O-O O-O 6. c4 d6 7. Nc3 e6 8. Rb1 a5
9. Qc2 Nc6 10. a3 e5 11. d5 Ne7 12. Rd1 h6 13. b4 axb4 14. axb4 g5 15. Bb2 f4
16. Ra1 Bf5 17. Rxa8 Qxa8 18. Qb3 Ng6 19. c5 g4 20. Nd2 h5 21. cxd6 cxd6 22.
Nde4 Qd8 23. Nxf6+ Qxf6 24. Be4 fxg3 25. hxg3 h4 26. Qc2 Bxe4 27. Nxe4 Qf5 28.
Qd3 Rf7 29. Bc1 h3 30. Be3 Bf8 31. Ng5 Qxd3 32. Rxd3 Rc7 33. Ne4 Be7 34. Rc3
Rxc3 35. Nxc3 Kf7 36. f3 gxf3 37. exf3 Ke8 38. Kh2 Bd8 39. Kxh3 Ne7 40. Kg4 Kd7
41. Bg5 Ng6 42. Bxd8 Kxd8 43. Kf5 Nf8 44. Kf6 Kc7 45. g4 Nd7+ 46. Ke6 Nf8+ 47.
Kf7 Nh7 48. Kg6 Nf8+ 49. Kg7 Nd7 50. g5 Nb6 51. g6 Kd7 52. Kf7 1-0

[Event "IM Not A GM Speed Chess"]
[Site "chess.com INT"]
[Date "2020.04.19"]
[Round "1.14"]
[White "Tania, Sachdev"]
[Black "Rozman, Levy"]
[Result "0-1"]
[WhiteTitle "IM"]
[BlackTitle "IM"]
[WhiteElo "2392"]
[BlackElo "2343"]
[WhiteFideId "5007844"]
[BlackFideId "2039877"]
[EventDate "2020.04.18"]

1. d4 d5 2. c4 dxc4 3. Nf3 Nf6 4. e3 Bg4 5. Bxc4 e6 6. O-O Nc6 7. Nbd2 Bd6 8.
Bd3 O-O 9. h3 Bh5 10. Qc2 Nb4 11. Qb1 Nxd3 12. Qxd3 Bg6 13. e4 c5 14. Re1 Rc8
15. Qb3 Bb8 16. Qxb7 cxd4 17. e5 Nd5 18. Nxd4 Nf4 19. N2f3 Nd3 20. Rd1 Nxe5 21.
Bf4 Nxf3+ 22. Nxf3 Qe8 23. Be3 Qc6 24. Qxc6 Rxc6 25. Rac1 Ra6 26. a3 f6 27. Nd4
Rb6 28. b4 Be4 29. f3 Bb7 30. Nb3 Rc6 31. Na5 Rxc1 32. Rxc1 Bd5 33. Bc5 Rd8 34.
Nc4 Rc8 35. Ne3 Bb7 36. Rd1 Bc6 37. Bd6 Rd8 38. Nc4 Bb5 39. Rd4 Bxc4 40. Rxc4
Bxd6 41. Rc6 Kf7 42. Ra6 Rd7 43. b5 Ke7 44. a4 Bc5+ 45. Kf1 Rd2 46. a5 Rb2 47.
b6 axb6 48. Ra7+ Kf8 49. Ra8+ Kf7 50. a6 Ra2 51. Ra7+ Kg6 52. h4 h5 53. g4 hxg4
54. fxg4 b5 55. h5+ Kh6 56. Ra8 b4 57. Rc8 b3 58. Rxc5 b2 59. Rb5 Ra1+ 0-1

[Event "IM Not A GM Speed Chess"]
[Site "chess.com INT"]
[Date "2020.04.19"]
[Round "1.15"]
[White "Rozman, Levy"]
[Black "Tania, Sachdev"]
[Result "1-0"]
[WhiteTitle "IM"]
[BlackTitle "IM"]
[WhiteElo "2343"]
[BlackElo "2392"]
[WhiteFideId "2039877"]
[BlackFideId "5007844"]
[EventDate "2020.04.18"]

1. e4 e6 2. b3 d5 3. Bb2 Nf6 4. e5 Nfd7 5. f4 c5 6. Qg4 Nc6 7. Nf3 g6 8. h4 h5
9. Qg3 Bg7 10. Ng5 Qe7 11. Nc3 b6 12. Nb5 Kd8 13. Nd6 Rf8 14. Bb5 Nb4 15. Rc1 a6
16. Be2 Nxa2 17. Ra1 Nb4 18. Bd1 Kc7 19. O-O Nc6 20. c3 Nd8 21. d4 Nb7 22. Nxc8
Rfxc8 23. Be2 b5 24. c4 dxc4 25. bxc4 b4 26. d5 Qe8 27. Bf3 Nb6 28. Rfd1 Kb8 29.
d6 Nd7 30. Bxb7 Kxb7 31. Qf3+ Kb6 32. Ne4 Qd8 33. Nc3 Qxh4 34. Na4+ Ka7 35. Rab1
Qg4 36. Qf2 h4 37. Bd4 h3 38. g3 cxd4 39. Rxd4 Nc5 40. Nxc5 Rxc5 41. Rd5 exd5
42. Qxc5+ 1-0

[Event "IM Not A GM Speed Chess"]
[Site "chess.com INT"]
[Date "2020.04.19"]
[Round "1.16"]
[White "Tania, Sachdev"]
[Black "Rozman, Levy"]
[Result "1/2-1/2"]
[WhiteTitle "IM"]
[BlackTitle "IM"]
[WhiteElo "2392"]
[BlackElo "2343"]
[WhiteFideId "5007844"]
[BlackFideId "2039877"]
[EventDate "2020.04.18"]

1. d4 d5 2. Nf3 Nf6 3. g3 Bg4 4. Bg2 Nbd7 5. O-O c6 6. c4 e6 7. Nc3 Bd6 8. Qd3
O-O 9. e4 dxe4 10. Nxe4 Nxe4 11. Qxe4 Nf6 12. Qc2 Bf5 13. Qe2 h6 14. h3 Be4 15.
b3 a5 16. Bb2 a4 17. d5 exd5 18. Rfd1 Re8 19. Qd2 axb3 20. axb3 Rxa1 21. Bxa1
Bc5 22. Ne5 Bxg2 23. Kxg2 Qc7 24. Nd3 Ne4 25. Qf4 Qxf4 26. gxf4 dxc4 27. bxc4
Rd8 28. f3 Nf6 29. Bxf6 gxf6 30. Kf1 Bd4 31. Ke2 Re8+ 32. Kd2 Ra8 33. Rb1 Ra2+
34. Kd1 b6 35. Nb4 Rh2 36. Nxc6 Bc5 37. Na7 Rxh3 38. Ke2 f5 39. Rd1 Rh2+ 40. Kd3
Rf2 41. Rg1+ Kh7 42. Rg3 Ra2 43. Nc6 Ra3+ 44. Ke2 h5 45. Ne5 h4 46. Rh3 f6 47.
Rxh4+ Kg7 48. Nd7 Bd4 49. Rh1 Ra2+ 50. Kd3 Bc5 51. Re1 Kf7 52. Nxc5 Ra3+ 53. Ke2
bxc5 54. Rb1 Ra2+ 55. Kd3 Ra3+ 56. Kd2 Rxf3 57. Rb5 Rxf4 58. Rxc5 Ke6 59. Ke3
Re4+ 60. Kf3 Rd4 61. Rc8 Rd3+ 62. Kf4 Rd4+ 63. Kf3 Kd7 64. Rf8 Ke7 65. Rc8 Kd7
66. Rf8 Ke7 67. Rc8 Rd1 68. c5 Rf1+ 69. Ke2 Rc1 70. Kf3 Kd7 71. Rf8 Ke7 72. Rc8
Rc4 73. Rc7+ Kd8 74. Rc6 Ke7 75. Rc7+ Ke6 76. Rc8 f4 77. Rc7 Kd5 78. Rf7 Ke6 79.
Rf8 Kf5 80. Rc8 Rc3+ 81. Kf2 f3 82. c6 Ke6 83. c7 Kd7 84. Rf8 Kxc7 85. Rf7+ Kd6
86. Rxf6+ Ke5 87. Rxf3 Rc2+ 88. Kg3 Rc8 89. Rf2 Rg8+ 90. Kf3 Rf8+ 91. Ke2 Rh8
92. Kf1 Ke4 93. Ke2 Ra8 94. Rg2 Ra2+ 95. Kf1 Ra1+ 96. Kf2 Ra3 97. Rg4+ Kf5 98.
Rc4 Ra2+ 99. Ke3 Ra3+ 100. Kf2 Ke5 101. Rb4 Ra2+ 102. Kg3 Ra3+ 103. Kf2 Kd5 104.
Rh4 Ra2+ 105. Kf3 Ra3+ 106. Kf2 Ke5 107. Ke2 Kf5 108. Kf2 Kg5 109. Rb4 Ra2+ 110.
Kf3 Ra3+ 111. Kf2 Rh3 112. Kg2 Rc3 113. Kf2 Rc2+ 114. Kg3 Rc3+ 115. Kf2 Kf5 116.
Ke2 Ke5 117. Kd2 Rh3 118. Rg4 Kf5 119. Ra4 Ke5 120. Ke2 Kf5 121. Kd2 Ke5 122.
Ke2 Kf5 123. Kd2 1/2-1/2

[Event "IM Not A GM Speed Chess"]
[Site "chess.com INT"]
[Date "2020.04.19"]
[Round "1.17"]
[White "Rozman, Levy"]
[Black "Tania, Sachdev"]
[Result "1/2-1/2"]
[WhiteTitle "IM"]
[BlackTitle "IM"]
[WhiteElo "2343"]
[BlackElo "2392"]
[WhiteFideId "2039877"]
[BlackFideId "5007844"]
[EventDate "2020.04.18"]

1. e4 e6 2. b3 d5 3. Bb2 Nf6 4. e5 Nfd7 5. f4 c5 6. Qg4 Nc6 7. Nf3 h6 8. h4 Qc7
9. h5 b6 10. Nc3 a6 11. a4 Bb7 12. Be2 O-O-O 13. O-O Rg8 14. Qh3 g6 15. hxg6
Rxg6 16. Nh4 Rg8 17. Nd1 Be7 18. Bh5 Rdf8 19. Nf2 Qd8 20. d4 Bxh4 21. Ng4 Be7
22. a5 b5 23. c3 c4 24. b4 Kb8 25. f5 exf5 26. Rxf5 f6 27. e6 Bc8 28. exd7 Bxd7
29. Ne3 Bxf5 30. Nxf5 Rg5 31. Bc1 Rfg8 32. Bf4+ Kb7 33. Bxg5 Rxg5 34. Re1 Bf8
35. Bf3 Bd6 36. Bxd5 Bh2+ 37. Kxh2 Qxd5 38. Nd6+ Qxd6+ 39. Kh1 f5 40. Qf3 f4 41.
Kg1 Rg3 42. Qe4 Qg6 43. Qxg6 Rxg6 44. Kf2 Kc7 45. Kf3 Rg3+ 46. Kxf4 Rxg2 47. d5
Nd8 48. Ke5 Kd7 49. Kd4 Nf7 50. Kc5 Rc2 51. Rf1 Nd6 52. Rg1 Rf2 53. Rg7+ Rf7 54.
Rg6 Ne4+ 55. Kd4 Nd2 56. Rxh6 Nb3+ 57. Ke5 Re7+ 58. Kf5 Re3 59. Rxa6 Rxc3 60.
Ra7+ Kd6 61. Ke4 Rc1 62. Ra6+ Kc7 63. Rc6+ Kd7 64. a6 Re1+ 65. Kf4 Rd1 66. Ke4
Re1+ 67. Kf4 Nd4 68. Rb6 Ra1 69. Ke5 Nf3+ 70. Ke4 Nd2+ 71. Ke5 c3 72. Rb7+ Kc8
73. d6 c2 74. Rc7+ Kd8 75. Rxc2 Nc4+ 76. Kd5 Rxa6 77. Kc5 Nxd6 78. Rh2 Kc7 79.
Rh7+ Kb8 80. Rh8+ Kb7 81. Rh7+ Kb8 82. Rh8+ Ka7 83. Rh7+ Nb7+ 84. Kxb5 Rb6+ 85.
Kc4 Ka6 86. Rh5 Nd6+ 87. Kb3 Rb5 88. Rh6 Rb6 89. Rh5 Rb5 90. Rh6 Rb6 91. Rh5 1/2-1/2

[Event "IM Not A GM Speed Chess"]
[Site "chess.com INT"]
[Date "2020.04.19"]
[Round "1.18"]
[White "Tania, Sachdev"]
[Black "Rozman, Levy"]
[Result "0-1"]
[WhiteTitle "IM"]
[BlackTitle "IM"]
[WhiteElo "2392"]
[BlackElo "2343"]
[WhiteFideId "5007844"]
[BlackFideId "2039877"]
[EventDate "2020.04.18"]

1. d4 f5 2. Nf3 Nf6 3. g3 g6 4. Bg2 Bg7 5. O-O O-O 6. c4 d6 7. Nc3 e6 8. b3 Ne4
9. Bb2 Nc6 10. e3 Qe7 11. Nd2 Nxc3 12. Bxc3 e5 13. d5 Nd8 14. f4 exf4 15. Bxg7
Qxe3+ 16. Kh1 Kxg7 17. Rxf4 Nf7 18. Nf1 Qe5 19. Qd2 Qxa1 0-1

[Event "IM Not A GM Speed Chess"]
[Site "chess.com INT"]
[Date "2020.04.19"]
[Round "1.19"]
[White "Rozman, Levy"]
[Black "Tania, Sachdev"]
[Result "1-0"]
[WhiteTitle "IM"]
[BlackTitle "IM"]
[WhiteElo "2343"]
[BlackElo "2392"]
[WhiteFideId "2039877"]
[BlackFideId "5007844"]
[EventDate "2020.04.18"]

1. e4 c5 2. a3 e6 3. b4 cxb4 4. axb4 Bxb4 5. c3 Be7 6. d4 d6 7. Bd3 Nf6 8. f4
Nc6 9. Nf3 d5 10. e5 Ne4 11. O-O f5 12. exf6 Nxf6 13. Ne5 O-O 14. Nd2 Qc7 15.
Qf3 b6 16. Qh3 Bd6 17. Ndf3 Ne4 18. Bxe4 dxe4 19. Ng5 h6 20. Nxe4 Bxe5 21. dxe5
Ne7 22. Ba3 Rf7 23. Nd6 Rf8 24. Rf3 Re8 25. Nxe8 1-0